| 000 | 00648nam a2200217Ia 4500 | ||
|---|---|---|---|
| 003 | OSt | ||
| 005 | 20230410143421.0 | ||
| 008 | 210423s2015 xx 000 0 und d | ||
| 020 | _a978-0-385-34843-0 | ||
| 040 | _cAL | ||
| 041 | _aeng | ||
| 082 |
_a791.44 _223 _bABEO |
||
| 100 |
_aABEL (Jessica) _985394 |
||
| 245 | _aOut on the wire: the story telling secrets of the new masters of radio | ||
| 260 |
_aNew York _bBroadway Books _c2015 |
||
| 300 |
_axi,226 _bPB |
||
| 365 |
_b685 _cINR |
||
| 650 |
_aMotion Pictures, Radio, Television _985395 |
||
| 906 | _amasters ; new ; Out ; radio ; secrets ; story ; telling ; wire: | ||
| 942 |
_2ddc _cBK |
||
| 999 |
_c169519 _d169519 |
||